000 01376namaa22003131i 4500
005 20260504120415.0
008 260331s1995 ua a|||frm||| 000 0 eng d
040 _aEG-GICUC
_beng
_cEG-GICUC
_dEG-GICUC
_erda
041 0 _aeng
_beng
_bara
049 _aDeposit
097 _aM.Sc
099 _aCai01.11.08.M.Sc.1995.Ab.S.
100 0 _aAbuzid Ali. S. Belaeed,
_epreparation.
245 1 0 _aA Study of Compliance for Antenatal Care At Zawia Maternal And Child Health Care Center in Libya /
_cBy Abuzid Ali. S. Belaeed; Supervised Prof. Mohamed Hasan Husein, Dr. Mona Ibrahim El-awindi
246 1 5 _aدراسة الاستجابة لرعاية الحمل في مركز رعاية الامومة والطفولة بالزاوية -ليبيا
264 0 _c1995.
300 _a85 Leaves :
_billustrations
_c30 cm. +
336 _2rda content
_atext
337 _2rdamedia
_aUnmediated
338 _2rdacarrier
_avolume
502 _aThesis (M.Sc.)-Cairo University, 1995.
504 _aBibliography: pages 80-85
653 0 _aMaternal And Care Center in Libya
_aChild Health
700 0 _aMohamed Hasan
_ethesis advisor.
700 0 _aMona Ibrahim El-awindi
_ethesis advisor.
900 _DDepartment of Community Medicine
_FFaculty of Medicine
_UCairo University
_b1995
_cMohamed Hasan
_cMona Ibrahim El-awindi
905 _aNehad
_eNourhan
942 _2ddc
_cTH
_e21
_n0
999 _c179108